El documento notarial (Record no. 135779)

MARC details
000 -LEADER
fixed length control field 00551cam a2200181 4500
005 - DATE AND TIME OF LATEST TRANSACTION
control field 20251014111735.0
008 - FIXED-LENGTH DATA ELEMENTS--GENERAL INFORMATION
fixed length control field 251014b ag |||||||| |||| 00| 0 spa d
020 ## - INTERNATIONAL STANDARD BOOK NUMBER
International Standard Book Number 9505081901
050 04 - LIBRARY OF CONGRESS CALL NUMBER
Classification number KHA263
Item number P45 1980
100 1# - MAIN ENTRY--PERSONAL NAME
Personal name Pelosi, Carlos A.
245 13 - TITLE STATEMENT
Title El documento notarial
Statement of responsibility, etc / Carlos A. Pelosi
250 ## - EDITION STATEMENT
Edition statement 1a ed.
260 ## - PUBLICATION, DISTRIBUTION, ETC. (IMPRINT)
Place of publication, distribution, etc Buenos Aires :
Name of publisher, distributor, etc Astrea de Alfredo y Ricardo Depalma,
Date of publication, distribution, etc 1980
300 ## - PHYSICAL DESCRIPTION
Extent xvi, 349 p. ;
Dimensions 24 cm.
650 #4 - SUBJECT ADDED ENTRY--TOPICAL TERM
Topical term or geographic name as entry element Derecho notarial
General subdivision Argentina
650 #7 - SUBJECT ADDED ENTRY--TOPICAL TERM
Source of heading or term lemb
Topical term or geographic name as entry element Documentos legales
Geographic subdivision Argentina
942 ## - ADDED ENTRY ELEMENTS (KOHA)
Source of classification or shelving scheme Biblioteca del Cogreso de los Estados Unidos
Koha item type Libro
Holdings
Estado de pérdida Fuente de clasificación Estado del daño No para préstamo Ubicación permanente Ubicación actual Apartado o colección Fecha de adquisición Edición Área del conocimiento Clasificación Código de Barras Date last seen Número de copia Costo por reposición Tipo de recurso
  Biblioteca del Cogreso de los Estados Unidos     Biblioteca de la Facultad de Derecho y Ciencias Sociales "Felipe J. Tena" Biblioteca de la Facultad de Derecho y Ciencias Sociales "Felipe J. Tena" General 07/02/2020 1a ed. Ciencias Sociales y Administrativas KHA263 P45 r1987 BFD000012100 07/02/2020 1 1.00 Libro